书目信息 |
| 题名: |
中国古代经济史
|
|
| 作者: | 齐涛 主编 | |
| 分册: | ||
| 出版信息: | 济南 山东大学出版社 1999 |
|
| 页数: | 539页 | |
| 开本: | 20cm | |
| 丛书名: | ||
| 单 册: | ||
| 中图分类: | F129.2 | |
| 科图分类: | ||
| 主题词: | 经济史--中国--古代--高等学校--教材 | |
| 电子资源: | ||
| ISBN: | 7-5607-2086-2 | |
| 000 | 00591nam0 2200205 45 | |
| 001 | 060000001418 | |
| 005 | 20050916090532.39 | |
| 010 | @a7-5607-2086-2@dCNY21.80 | |
| 100 | @a20040223e20031999ekmy0chiy0120 ea | |
| 101 | 0 | @achi |
| 102 | @aCN@b370000 | |
| 105 | @ak z 000yy | |
| 200 | 1 | @a中国古代经济史@Azhong guo gu dai jing ji shi@f齐涛主编@Fqi tao zhu bian |
| 210 | @a济南@c山东大学出版社@d1999 | |
| 215 | @a539页@d20cm | |
| 606 | 0 | @a经济史@y中国@z古代@x高等学校@x教材 |
| 690 | @aF129.2@v4 | |
| 701 | 0 | @a齐涛@Aqi tao@4主编 |
| 801 | 0 | @aCN@bTSSF@c20050916 |
| 905 | @a10447@dF129.2@e69 | |
| 中国古代经济史/齐涛主编.-济南:山东大学出版社,1999 |
| 539页;20cm |
| ISBN 7-5607-2086-2:CNY21.80 |
| ● |
| 相关链接 |
|
|
|
|
正题名:中国古代经济史
索取号:F129.2/69
 
预约/预借
| 序号 | 登录号 | 条形码 | 馆藏地/架位号 | 状态 | 备注 |
| 1 | 0361402 | 3614020 | 第一样本阅览室/ [索取号:F129.2/69] | 在馆 | |
| 2 | 0361403 | 3614039 | 第一借阅区/ [索取号:F129.2/69] | 在馆 | |
| 3 | 0361404 | 3614048 | 第一借阅区/ [索取号:F129.2/69] | 在馆 | |
| 4 | 0361405 | 3614057 | 第一借阅区/ [索取号:F129.2/69] | 在馆 | |
| 5 | 0361406 | 3614066 | 第一借阅区/ [索取号:F129.2/69] | 在馆 |